000 00270nam a2200109Ia 4500
001 1275911
005 20260417160437.0
008 260417s9999 xx 000 0 und d
020 _a9786256910102
245 0 _aLeonardo da Vinci
_cBeliz Yüksel
260 _bKetebe Çocuk
999 _c1275911
_d1275911